000 00715nam a2200193Ia 4500
001 63915
008 190927n ii |||gr||||Z||||||465
020 _a9789387337008
082 _a954.035
100 _aPadmanabham, Mukund,
_eEditor.
245 0 _aThe second hundred editorials from the Hindu, 1878-2016 :
_cedited by Mukund Padmanabham
_hTextual Documents
250 _a1st ed.
260 _aChennai
_bKasturi & Sons Ltd
_c2017.
300 _aVol II(1-271)p.:
_c23cm.
653 _aReference section
653 _aThe Hindu, Editorials,Second Hundred editorials, The second hundred editorials of Hindu, The hindu editorials, The Hindu editorials of 1878-2016
653 _aReference section
942 _2ddc
_cBK
999 _c65015
_d65015